| 000 | 00726nam a2200241 a 4500 | ||
|---|---|---|---|
| 001 | 68088 | ||
| 003 | BD-RjUL | ||
| 005 | 20211209081729.0 | ||
| 008 | 170330s1952 paua 001 0 eng | ||
| 035 | _a(BD-RjUL)68297 | ||
| 040 |
_aDLC _cOYU _dDNLM _dDLC _dBD-RjUL _beng |
||
| 041 | _aeng | ||
| 082 |
_223 _a610 _bPRO 1952 |
||
| 100 |
_d1911- _9201843 |
||
| 245 | 0 | 0 |
_aProgress in fundamental medicine _cPaul Cannon [et al...] ; editors J. F. A. MacManus. |
| 260 |
_aPhiladelphia, _bLea & Febiger, _c1952. |
||
| 300 |
_a316 p. : _bill. ; _c27 cm. |
||
| 500 | _aIncludes index. | ||
| 650 | 0 |
_aMedicine. _9201844 |
|
| 700 |
_aCannon, Paul _qauthors _9201845 |
||
| 700 |
_aMacManus, J. F. A. _qeditors _9201846 |
||
| 942 |
_2ddc _cBK |
||
| 999 |
_c68088 _d68088 |
||